Tous les DNF/DNS de Charles Leclerc - Statistiques

Statistiques générales
  • Ce quiz a été pris 319 fois
    314 depuis la dernière actualisation
  • Le résultat moyen est 10 sur 23
Statistiques - réponses
Hint an Réponse % Correct
DNF 2018 Monaco
93%
DNF 2019 Monaco
93%
Monaco
93%
DNF 2020 Monza
69%
Baku
51%
DNF 2018 Spa
51%
Le Castellet
47%
DNF 2018 Austin
46%
Austin
46%
DNF 2018 Silverstone
42%
DNF 2020 Barcelone
39%
Barcelone
39%
Melbourne
37%
DNF 2019 Interlagos
35%
Interlagos
35%
DNF 2018 Suzuka
31%
DNF 2020 Sakhir
26%
Sakhir
26%
Zandvoort
23%
DNF 2020 Red Bull Ring
21%
DNF 2018 Hungaroring
19%
Hungaroring
19%
DNF 2019 Hockenheim
15%
Aucun quiz correspondant
Distribution des résultats
% des personnes avec chaque résultat
Percentile par nombre de réponses
Votre historique - résultats
Vous n’avez pas pris ce quiz depuis la dernière actualisation